000 00634 a2200205 4500
010 _aENG-88915
020 _a8170587948
_c225.00 (app)
035 _aEN-72448
037 _bDBAD / PUB
082 _a181.499
090 _c9654
_d9654
100 1 _aAurobindo
245 1 _aSavitri :
_cby Sri Aurobindo
_ba legend and a symbol
260 _aPondicherry
_bSri Aurobindo Ashram Trust
_c2005
270 _aPondicherry
_e605 002
300 _a780p. :
_c23m (Hb)
500 _aIncludes index
942 _adpl
_cEN
_k181.499 / AUR
999 _c9479
_d9479